দুই তীর : (Record no. 37738)
[ view plain ]
| 000 -LEADER | |
|---|---|
| fixed length control field | 00824nam a22002171a 4500 |
| 001 - CONTROL NUMBER | |
| control field | 37738 |
| 003 - CONTROL NUMBER IDENTIFIER | |
| rucl marc code | BD-RjUL |
| 005 - DATE AND TIME OF LATEST TRANSACTION | |
| control field | 20211209052638.0 |
| 008 - FIXED-LENGTH DATA ELEMENTS--GENERAL INFORMATION | |
| fixed length control field | 150425s1965 bg ||||| |||| 00| 0 ben d |
| 035 ## - SYSTEM CONTROL NUMBER | |
| System control number | (BD-RjUL) |
| 040 ## - CATALOGING SOURCE | |
| Original cataloging agency | BD-RjUL |
| Language of cataloging | eng |
| Transcribing agency | BD-RjUL |
| 041 ## - LANGUAGE CODE | |
| Language code of text/sound track or separate title | ben |
| 082 ## - DEWEY DECIMAL CLASSIFICATION NUMBER | |
| Edition number | 23 |
| Classification number | 891.443 |
| Author mark and year | WAD 1965 |
| 100 ## - MAIN ENTRY--PERSONAL NAME | |
| Personal name | ওয়ালীউল্লাহ, সৈয়দ |
| 9 (RLIN) | 116624 |
| 245 ## - TITLE STATEMENT | |
| Title | দুই তীর : |
| Remainder of title | ও অন্যান্য গল্প |
| Statement of responsibility, etc. | সৈয়দ ওয়ালীউল্লাহ |
| 260 ## - PUBLICATION, DISTRIBUTION, ETC. (IMPRINT) | |
| Place of publication, distribution, etc. | ঢাকা : |
| Name of publisher, distributor, etc. | নওরোজ কিতাবিস্তান, |
| Date of publication, distribution, etc. | ১৯৬৫ |
| 300 ## - PHYSICAL DESCRIPTION | |
| Pagination | ১৪৩ পৃ. ; |
| Size | ২২ সেমি. |
| 650 ## - SUBJECT ADDED ENTRY--TOPICAL TERM | |
| Topical term or geographic name as entry element | বাংলা সাহিত্য |
| Form subdivision | উপন্যাস |
| 9 (RLIN) | 116625 |
| Topical term or geographic name as entry element | Bengali literature |
| Form subdivision | Novel |
| 9 (RLIN) | 116586 |
| 942 ## - ADDED ENTRY ELEMENTS (KOHA) | |
| Source of classification or shelving scheme | Dewey Decimal Classification |
| Koha item type | Books |
| Lost status | Source of classification or shelving scheme | Damaged status | Not for loan | Collection code | Permanent Location | Current Location | Shelving location | Date acquired | Source of acquisition | Cost, normal purchase price | Total Checkouts | Full call number | Date last seen | Copy number | Koha item type |
|---|---|---|---|---|---|---|---|---|---|---|---|---|---|---|---|
| Dewey Decimal Classification | Fiction | Central Library, University of Rajshahi | Central Library, University of Rajshahi | 25/04/2015 | নওরোজ | 3.00 | B 891.443 WAD 1965 | 25/04/2015 | C-2 | Books |